Movies Quiz

Random Movies or Quick Pick Quiz

Diane Keaton: 15 Seconds of Fame Quiz Stats

 Plays Quiz not verified by Sporcle

Support Sporcle.
Go Orange.
Score 0/10 Timer 00:15
0 Plays Today
% Correct
Give
90.1%
Hall
90.1%
Mystery
84.2%
Club
82.2%
Bride
82.2%
Heart
79.2%
Room
75.2%
Stone
62.4%
Sister
56.4%
Wedding
51.5%

You're not logged in!

Compare scores with friends on all Sporcle quizzes.
OR
Log In

From the Vault

Baby Names: Ambiguous Gender

by nrsilver

Now that we think of it, 'Ambiguous' would make a fine baby name.
Remove Ads.
Support Sporcle.
Get the best of Sporcle when you Go Orange. This ad-free experience offers more features, more stats, and more fun while also helping to support Sporcle. Thank you for becoming a member.

Show Comments

Extras

Top Quizzes Today


Score Distribution

Your Account Isn't Verified!

In order to create a playlist on Sporcle, you need to verify the email address you used during registration. Go to your Sporcle Settings to finish the process.

Report this User

Report this user for behavior that violates our Community Guidelines.

Details: